|
|
|
|
| LEADER |
00000nam0a2200000 4500 |
| 001 |
213242 |
| 005 |
20231031193050.0 |
| 035 |
|
|
|a (RuTPU)RU\TPU\book\233013
|
| 090 |
|
|
|a 213242
|
| 100 |
|
|
|a 20120407d1963 km y0rusy50 ca
|
| 101 |
0 |
|
|a rus
|
| 102 |
|
|
|a RU
|
| 105 |
|
|
|a a z 001zy
|
| 200 |
1 |
|
|a Тензометрирование и его применение в исследованиях тракторов
|f А. В. Васильев, Д. М. Раппопорт
|
| 210 |
|
|
|a Москва
|c Машгиз
|d 1963
|
| 215 |
|
|
|a 339 с.
|c ил.
|
| 320 |
|
|
|a Библиогр.: с. 333-336.
|
| 330 |
|
|
|a В книге рассмотрены методы испытания и исследования тракторов и их агрегатов с использованием тензометрических датчиков сопротивления. Даны теоретические и методические основы измерения напряжений в деталях, сил и моментов, суммарных и приведенных сил, действующих в узлах трактора, описаны аппаратура и тензометрические узлы и приборы, применяемые для испытаний и исследований тракторов. Приведены результаты таких исследований, выполненных, в основном, в НАТИ.
|
| 610 |
1 |
|
|a тракторы
|
| 610 |
1 |
|
|a тензометрирование
|
| 610 |
1 |
|
|a тензодатчики
|
| 610 |
1 |
|
|a тензометрическая аппаратура
|
| 610 |
1 |
|
|a тензометрические исследования
|
| 610 |
1 |
|
|a измерения
|
| 610 |
1 |
|
|a напряжения
|
| 610 |
1 |
|
|a полевые лаборатории
|
| 675 |
|
|
|a 629.114.2
|v 3
|
| 675 |
|
|
|a 620.15
|v 3
|
| 700 |
|
1 |
|a Васильев
|b А. В.
|g Александр Владимирович
|
| 701 |
|
1 |
|a Раппопорт
|b Д. М.
|g Давид Маркович
|
| 801 |
|
1 |
|a RU
|b 63413507
|c 20120407
|
| 801 |
|
2 |
|a RU
|b 63413507
|c 20181226
|g RCR
|
| 942 |
|
|
|c BK
|